[Event "Continental op"]
[Site "Las Vegas"]
[Date "2001.07.26"]
[Round "1"]
[White "Anderson, Renard"]
[Black "Goldin, Alexander"]
[Result "0-1"]
[WhiteElo "2268"]
[BlackElo "2594"]
[PlyCount "80"]
[EventDate "2001.07.26"]
[EventType "swiss"]
[EventRounds "6"]
[EventCountry "USA"]
[SourceTitle "EXT 2002"]
[Source "ChessBase"]
[SourceDate "2001.11.25"]
[SourceVersion "1"]
[SourceVersionDate "2001.11.25"]
[SourceQuality "1"]

1. e4 c5 2. Nf3 e6 3. d4 cxd4 4. Nxd4 a6 5. Nc3 b5 6. Bd3 Qb6 7. Be3 Bc5 8. Nce2 Nf6 9. h3 Bb7 10. 0-0 Qc7 11. Nc3 d6 12. a3 Nbd7 13. Kh1 0-0 14. Re1 Rac8 15. Nb3 Bxe3 16. Rxe3 Rfd8 17. Qe2 Ne5 18. Rf1 d5 19. exd5 Nxd3 20. cxd3 Nxd5 21. Nxd5 Bxd5 22. Nd2 Qc2 23. Ne4 Bxe4 24. dxe4 Rd2 25. Qf3 Qxb2 26. e5 h6 27. Kg1 Rd5 28. Rfe1 Rc1 29. Rxc1 Qxc1+ 30. Kh2 Qc7 31. Qg3 a5 32. f4 b4 33. axb4 axb4 34. h4 Rd1 35. Qf3 Rd4 36. Kg3 Rc4 37. h5 Qc8 38. Kh2 Rc3 39. Qe4 Rxe3 40. Qxe3 Qc2 0-1

[Event "World op 29th"]
[Site "Philadelphia"]
[Date "2001.07.06"]
[Round "5"]
[White "Anderson, Renard"]
[Black "Ross, Phillip E"]
[Result "0-1"]
[WhiteElo "2247"]
[BlackElo "2125"]
[PlyCount "80"]
[EventDate "2001.06.30"]
[EventType "swiss"]
[EventRounds "9"]
[EventCountry "USA"]
[SourceTitle "EXT 2002"]
[Source "ChessBase"]
[SourceDate "2001.11.25"]
[SourceVersion "1"]
[SourceVersionDate "2001.11.25"]
[SourceQuality "1"]

1. e4 c5 2. Nf3 g6 3. c4 Nc6 4. d4 cxd4 5. Nxd4 Nf6 6. Nc3 d6 7. Be2 Nxd4 8. Qxd4 Bg7 9. Bg5 0-0 10. Qd2 Be6 11. f3 Qa5 12. Rc1 Rfc8 13. b3 a6 14. Na4 Qxd2+ 15. Kxd2 Nd7 16. g4 f6 17. Be3 f5 18. exf5 gxf5 19. h3 Rf8 20. f4 Nf6 21. Bd3 fxg4 22. f5 Bd7 23. Nb6 Bc6 24. Nxa8 Bxh1 25. Nc7 Be4 26. Bxe4 Nxe4+ 27. Kd3 Rxf5 28. Nd5 Re5 29. hxg4 Nf6 30. Bf4 Nxd5 31. Bxe5 Nb4+ 32. Ke4 Bxe5 33. c5 Kg7 34. cxd6 Bxd6 35. a3 Nc6 36. b4 Ne5 37. Kf5 Kf7 38. Rh1 e6+ 39. Ke4 Kg6 40. g5 Nf7 0-1